000
00261 a2200109 4500
001
39687
090
_c
24706
_d
24706
100
_a
Kolman Bernard
245
_a
Calculus for the management, life and social sciences, 2/e
250
_a
2
260
_a
New York
_b
H B J
_c
1988
942
_a
NUST-CAE
999
_c
274760
_d
274760